Nervous aonditions, and related readings /

Uloženo v:
Podrobná bibliografie
Hlavní autor: Dangarembga, Tsitsi
Médium: Sách giấy
Jazyk:Vietnamese
Vydáno: Illionois : McDougal littell , 1997
Tagy: Přidat tag
Žádné tagy, Buďte první, kdo otaguje tento záznam!
Thư viện lưu trữ: Thư viện Trường Đại học Đà Lạt
LEADER 00594nam a2200253 4500
001 DLU020020248
005 ##10/7/2002
020 # # |a 978- 
041 # # |a vie 
082 # # |a 818  |b Net 
090 # # |a 818  |b Net 
100 # # |a Dangarembga, Tsitsi 
245 # # |a Nervous aonditions, and related readings /  |c Dangarembga Tsitsi 
260 # # |a Illionois :  |b McDougal littell ,  |c 1997 
300 # # |a 321 tr.;   |c 22 cm. 
992 # # |a 9630 
994 # # |a DLU 
900 # # |a False 
911 # # |a Administrator 
925 # # |a G 
926 # # |a A 
927 # # |a SH 
980 # # |a Thư viện Trường Đại học Đà Lạt